Kampania Wrześniowa - część 1 - Statystyki

Ogólne statystyki
  • Ten quiz został rozwiązany 10 razy
  • Średni wynik to 11 z 15
Statystyki odpowiedzi
Zagadnienie Odpowiedź % Poprawnych
Którą bitwe kampanii często określa sie mianem "Polskich Termopili" Bitwe pod Wizną
100%
Kto był naczelnym wodzem Wojska Polskiego w czasie Kampanii Wrześniowej Edward Rydz-Śmigły
100%
Jakie Państwo zaatakowało Polske 17 września tego samego roku? ZSRR
100%
Kiedy zaczęła sie Kampania Wrześniowa 1 września 1939
89%
Którą armią dowodził Generał Kutrzeba w czasie Kampanii Armia Poznań
89%
Która bitwa była ostatnią Polską bitwą w Kampanii Bitwa pod Kockiem
89%
Kto dowodził Obroną wybrzeża w 1939 r. Joseph Von Unruh
89%
Jaką bitwe uznaje sie za początek Kampanii Wrześniowej Obrona Westerplatte
89%
Kiedy zakończyła sie Kampania Wrześniowa? 06.10.1939
78%
Jaką armią dowodził Gen. Emil Krukowicz-Przedzymirski Armią Modlin
78%
W jakim kierunku nacierały niemiecke jednostki z Radomska Północno-Wschodnim
56%
Jaki pociąg pancerny wspierał ogniem swoich dział Wołyńską Brygade Kawalerii w czasie Bitwy pod Mokrą? "Śmiały"
44%
Za sprawą jakiej operacji wojskowej zdecydowano sie ewakuować 3 Polskie niszczyciele do Wielkiej Brytanii Peking
33%
Jaką jednostką dowodził w tej wojnie Płk. Stanisław Maczek 10 brygadą kawalerii zmotoryzowanej
22%
Któremu generałowi wojska Polskiego zarzuca sie podwójną ucieczke z powierzonego stanowiska w czasie trwania walk? Gen. Biernackiemu
11%
Nie znaleziono quizów pasujących do podanych kryteriów
Rozkład punktacji
Procent ludzi z każdym wynikiem
Percentyl według liczby udzielonych odpowiedzi
Twoja historia wyników
Nie rozwiązałeś tego quizu